| 000 | 00900cam a22002417a 4500 | ||
|---|---|---|---|
| 001 | 001291 | ||
| 003 | armpunfd | ||
| 005 | 20140612090636.0 | ||
| 008 | 031006e0####xx#a##########000#0#und#d | ||
| 040 |
_aarmpunfd _carmpunfd |
||
| 080 | _a347.736.G 686 R. | ||
| 100 | 1 | 0 | _a Gomez Leo, Osvaldo R. ( Director) |
| 245 | 1 | 0 | _aRetroaccion en la quiebra : fundamento, determinacion y finalidad del periodo de sospecha. |
| 260 |
_a Ar Del Plata : Universidad Nacional De Mar Del Plata _b2003. Clase V Y Vi. 210 P. ( Crisis Insolvencia Y Cesacion De Pago) Curso De Posgrado |
||
| 650 | 7 |
_a Concurso Preventivo _2LEMB |
|
| 650 | 7 |
_a Cramdowm _2LEMB |
|
| 650 | 7 |
_a Ineficacia Concursal _2LEMB |
|
| 650 | 7 |
_a Legitimacion De Los Acreedores _2LEMB |
|
| 650 | 7 |
_a Quiebra _2LEMB |
|
| 650 | 7 |
_a Retroaccion De La Quiebra _2LEMB |
|
| 942 |
_cLB _2cdu |
||
| 945 |
_aCatalis _d2010-08-19 |
||
| 999 |
_c1282 _d231786 |
||